[Event "Open Semana Santa 2023"]
[Site "?"]
[Date "2023.04.06"]
[Round "3.39"]
[White "CM Ribera Veganzones, Serni"]
[Black "FM Carnicelli, Valerio"]
[Result "0-1"]
[WhiteElo "2195"]
[BlackElo "2370"]
[PlyCount "82"]

1. Nf3 Nf6 2. c4 g6 3. Nc3 Bg7 4. e4 d6 5. d4 O-O 6. Be2 Nbd7 7. O-O e5 8. Qc2
exd4 9. Nxd4 Nc5 10. Be3 Ng4 11. Bxg4 Bxg4 12. f3 Bd7 13. Rad1 Re8 14. b4 Ne6
15. a3 a5 16. Qf2 axb4 17. axb4 Ra3 18. Nd5 c6 19. Nxe6 Bxe6 20. Bb6 Qd7 21.
Nc7 Rc8 22. Nxe6 Qxe6 23. c5 dxc5 24. Bxc5 Ra2 25. Rd2 Rca8 26. Rfd1 h5 27. h4
Bf6 28. Bd4 Rxd2 29. Rxd2 Ra4 30. Bxf6 Qxf6 31. b5 Qe5 32. g3 Qxb5 33. Kg2 Qe5
34. Qb6 Qc3 35. Re2 Ra3 36. Rf2 Ra1 37. Qd8+ Kg7 38. f4 Qe1 39. Qd4+ Kh7 40.
Kf3 Qh1+ 41. Ke3 Ra3+ 0-1

[Event "Open Semana Santa 2023"]
[Site "?"]
[Date "2023.04.06"]
[Round "3.40"]
[White "IM Vassallo Barroche, Mauricio"]
[Black "Prodhomme, Boris"]
[Result "1-0"]
[WhiteElo "2361"]
[BlackElo "2076"]
[PlyCount "75"]

1. c4 Nf6 2. d4 g6 3. g3 Bg7 4. Bg2 O-O 5. Nf3 d6 6. O-O Nc6 7. Nc3 e5 8. d5
Nb8 9. e4 a5 10. Ne1 Na6 11. Nd3 Nd7 12. f4 exf4 13. gxf4 Qh4 14. Bd2 Nf6 15.
Qe1 Qxe1 16. Rfxe1 Ng4 17. Nb5 c6 18. Nxd6 Bd4+ 19. Kh1 Nc5 20. Nxc5 Bxc5 21.
Nxc8 Nf2+ 22. Kg1 Ng4+ 23. Kf1 cxd5 24. cxd5 Rfxc8 25. h3 Nf2 26. Ke2 Re8 27.
e5 f6 28. Be3 Bb4 29. Rec1 fxe5 30. Kxf2 Rf8 31. a3 Be7 32. Bc5 Rxf4+ 33. Kg1
Bh4 34. Rf1 Rc8 35. b4 axb4 36. axb4 Rc4 37. d6 b6 38. Bd5+ 1-0

[Event "Open Semana Santa 2023"]
[Site "?"]
[Date "2023.04.06"]
[Round "3.41"]
[White "IM Suarez Uriel, Adrian"]
[Black "CM Bazilius, Augustinas"]
[Result "1-0"]
[WhiteElo "2356"]
[BlackElo "2073"]
[PlyCount "60"]

1. e4 c5 2. Nf3 d6 3. d4 cxd4 4. Nxd4 Nf6 5. Nc3 Nc6 6. Bg5 e6 7. Qd2 a6 8.
Nxc6 bxc6 9. O-O-O Be7 10. h4 h6 11. Bxf6 gxf6 12. Qe3 Rb8 13. Bc4 Qb6 14. Qxb6
Rxb6 15. Rhe1 e5 16. b3 Rg8 17. g3 Rb8 18. Rd3 a5 19. Nd1 Be6 20. Ne3 Kd7 21.
Red1 Rgd8 22. f4 Kc7 23. Bxe6 fxe6 24. f5 Kd7 25. c4 exf5 26. Nxf5 Ke6 27. Nxh6
Rh8 28. Nf5 Rbd8 29. h5 Kf7 30. g4 Rhg8 1-0

[Event "Open Semana Santa 2023"]
[Site "?"]
[Date "2023.04.06"]
[Round "3.42"]
[White "WFM Abrisqueta Zudaire, Leyre"]
[Black "GM Campora, Daniel H."]
[Result "0-1"]
[WhiteElo "2077"]
[BlackElo "2348"]
[PlyCount "92"]

1. d4 f5 2. Bg5 g6 3. h4 h6 4. Bf4 Nf6 5. e3 d6 6. Nf3 Bg7 7. Bc4 e6 8. Nc3 Qe7
9. Bh2 a6 10. Ne2 Nbd7 11. Nf4 Nf8 12. Bb3 Bd7 13. c4 e5 14. dxe5 dxe5 15. Nxe5
O-O-O 16. Ned3 Bc6 17. Qc2 g5 18. Nd5 Nxd5 19. cxd5 Bxd5 20. Bxd5 Rxd5 21. Qc4
Rd4 22. Qc2 Ne6 23. O-O-O Rxh4 24. Be5 Rxh1 25. Rxh1 Bxe5 26. Nxe5 Qf6 27. Nc4
Rd8 28. Rd1 Rxd1+ 29. Qxd1 Nd8 30. Kb1 Qe6 31. Qc2 Nf7 32. f3 Kb8 33. Qc3 b6
34. a3 h5 35. Nd2 h4 36. Qd3 Kb7 37. e4 Qd6 38. Qe3 f4 39. Qc3 Ne5 40. Ka1 Qc5
41. Qb3 Qc1+ 42. Nb1 Nc4 43. Qa2 g4 44. e5 h3 45. gxh3 gxh3 46. b3 Nxa3 0-1

[Event "Open Semana Santa 2023"]
[Site "?"]
[Date "2023.04.06"]
[Round "3.43"]
[White "FM Martins, Bruno Andre Leite"]
[Black "Correas Gonzalez, Jose Ramon"]
[Result "1-0"]
[WhiteElo "2348"]
[BlackElo "1942"]
[PlyCount "49"]

1. e4 c5 2. Nf3 d6 3. d4 cxd4 4. Nxd4 Nf6 5. Nc3 a6 6. Rg1 Qc7 7. g4 e6 8. g5
Nfd7 9. f4 b5 10. a3 Bb7 11. Be3 Nb6 12. Qg4 N8d7 13. O-O-O Rc8 14. Rd2 d5 15.
exd5 Nxd5 16. Nxe6 fxe6 17. Qxe6+ Ne7 18. Bh3 Nc5 19. Bxc5 Qxc5 20. Qd7+ Kf7
21. Be6+ Kg6 22. f5+ Kh5 23. Ne2 Be4 24. f6 Ng6 25. Bd5 1-0

[Event "Open Semana Santa 2023"]
[Site "?"]
[Date "2023.04.06"]
[Round "3.44"]
[White "Piddubna, Bozhena"]
[Black "GM Chigaev, Maksim"]
[Result "0-1"]
[WhiteElo "2000"]
[BlackElo "2617"]
[PlyCount "72"]

1. d4 Nf6 2. c4 g6 3. Nf3 Bg7 4. g3 O-O 5. Bg2 d6 6. O-O Nbd7 7. Nc3 e5 8. e3
Re8 9. a4 exd4 10. exd4 d5 11. cxd5 Nb6 12. d6 Qxd6 13. Bf4 Qd8 14. a5 Nbd5 15.
Be5 c6 16. Nxd5 Nxd5 17. Bxg7 Kxg7 18. Qb3 a6 19. Rfc1 Re7 20. Ng5 Bf5 21. Bxd5
Qxd5 22. Qxd5 cxd5 23. Rc5 Rae8 24. Nf3 Re2 25. Ne5 Re7 26. g4 Be6 27. b4 f6
28. Nd3 Bxg4 29. Rxd5 Rd2 30. Ne1 Ree2 31. f3 Bh3 32. Rc1 Rf2 33. Nd3 Rg2+ 34.
Kh1 Rxh2+ 35. Kg1 Rdg2+ 36. Kf1 Rh1# 0-1

[Event "Open Semana Santa 2023"]
[Site "?"]
[Date "2023.04.06"]
[Round "3.45"]
[White "GM Yuffa, Daniil"]
[Black "Cano Mateos, Pablo"]
[Result "1-0"]
[WhiteElo "2602"]
[BlackElo "2112"]
[PlyCount "105"]
[EventDate "2023.??.??"]

1. d4 Nf6 2. c4 e6 3. g3 d5 4. Bg2 Bb4+ 5. Bd2 Be7 6. Nf3 Nbd7 7. O-O O-O 8.
Nc3 b6 9. cxd5 exd5 10. Bf4 Bb7 11. Rc1 Nh5 12. Be5 Nxe5 13. Nxe5 Nf6 14. Qa4
c5 15. Rfd1 Qe8 16. Qxe8 Rfxe8 17. dxc5 Bxc5 18. Nd3 Rab8 19. e3 d4 20. exd4
Bxg2 21. Kxg2 Bxd4 22. Nb5 Bc5 23. Nc7 Red8 24. Na6 Rbc8 25. Ndxc5 Rxd1 26.
Rxd1 bxc5 27. Nxc5 h5 28. b4 a5 29. a3 axb4 30. axb4 Rb8 31. Rd4 Ng4 32. Nd3
Rb5 33. f4 Kf8 34. h3 Nf6 35. Kf3 Ke7 36. Rc4 Ke6 37. Ke3 Nd5+ 38. Ke4 Nf6+ 39.
Kd4 Rd5+ 40. Ke3 Rb5 41. Rc5 Rxc5 42. Nxc5+ Kd5 43. Kd3 g6 44. Na4 h4 45. Nc3+
Ke6 46. g4 Nd7 47. Kd4 f6 48. Ke4 Kd6 49. Nb5+ Ke7 50. Nd4 Nb8 51. Kd5 Na6 52.
b5 Nb8 53. Nc6+ 1-0

[Event "Open Semana Santa 2023"]
[Site "?"]
[Date "2023.04.06"]
[Round "3.46"]
[White "GM Dvirnyy, Danyyil"]
[Black "FM Lorscheid, Gerhard"]
[Result "1/2-1/2"]
[WhiteElo "2541"]
[BlackElo "2112"]
[Annotator "Usuario"]
[PlyCount "37"]

1. d4 d6 2. c4 e5 3. Nf3 e4 4. Ng5 f5 5. Nc3 Be7 6. Nh3 Nf6 7. Bg5 c6 8. e3 Na6
9. Be2 O-O 10. O-O Nc7 11. b4 Be6 12. Qc2 h6 13. Bxf6 Bxf6 14. f3 exf3 15. Rxf3
g5 16. Nf2 Bg7 17. Bd3 Qd7 $11 18. Rd1 d5 19. cxd5 $11 1/2-1/2

[Event "Open Semana Santa 2023"]
[Site "?"]
[Date "2023.04.06"]
[Round "3.47"]
[White "Nunez Miranda, Adrian"]
[Black "IM Chen, Qi B"]
[Result "0-1"]
[WhiteElo "2142"]
[BlackElo "2493"]
[Annotator "Usuario"]
[PlyCount "92"]

1. b3 Nf6 2. Bb2 e6 3. e3 b6 4. Be2 Bb7 5. Bf3 d5 6. c4 Nbd7 7. cxd5 exd5 8.
Ne2 Bd6 9. Ng3 g6 10. Nc3 Ne5 11. Be2 a6 12. f4 Ned7 13. Bf3 Qe7 14. O-O O-O-O
15. Re1 Rhe8 16. d4 h5 17. a4 Bb4 18. Qc1 Kb8 19. Ba3 Nf8 20. a5 b5 21. Bxb4
Qxb4 22. Na2 Qxa5 23. b4 Qb6 24. Qa3 Ne6 25. h4 Ng4 26. Rad1 Ng7 27. Bxg4 hxg4
28. Nf1 g3 29. Nxg3 Qf6 30. Kf2 Qxh4 31. Rh1 Qf6 32. Nc1 g5 33. Nd3 Rd6 34. Nh5
Nxh5 35. Rxh5 Rde6 36. Ne5 Qe7 37. f5 Rxe5 38. dxe5 Qxe5 39. Rd4 Qxf5+ 40. Kg1
Qb1+ 41. Kh2 $11 Qe1 42. e4 Qf2 43. Qc3 dxe4 44. Rd7 Qf4+ 45. Kg1 e3 46. Qe1
Qg4 0-1

[Event "Open Semana Santa 2023"]
[Site "?"]
[Date "2023.04.06"]
[Round "3.48"]
[White "WFM Rodriguez Redondo, Adhara"]
[Black "IM Garriga Cazorla, Pere"]
[Result "0-1"]
[WhiteElo "2126"]
[BlackElo "2476"]
[PlyCount "100"]

1. e4 c5 2. Nf3 d6 3. d4 cxd4 4. Nxd4 Nf6 5. Nc3 Nc6 6. Be2 g6 7. O-O Bg7 8.
Be3 O-O 9. a4 Bd7 10. Nb3 Rc8 11. f3 a6 12. a5 Ne5 13. Nd2 Be6 14. Na4 Nfd7 15.
f4 Nc4 16. Nxc4 Bxc4 17. Nb6 Nxb6 18. Bxb6 Qe8 19. c3 Qb5 20. Rf2 Bxe2 21. Qxe2
Rc4 22. Qf3 Qc6 23. Re1 Ra4 24. Qd3 Rc8 25. Qd5 Qxd5 26. exd5 Bf6 27. g3 Kf8
28. Re3 Rcc4 29. Kg2 Ra1 30. Rfe2 Rc8 31. Re4 Rd1 32. c4 Rb1 33. Bd4 Bxd4 34.
Rxd4 Ra1 35. Rde4 Rc7 36. g4 Rxa5 37. f5 Ra4 38. fxg6 hxg6 39. b3 Rb4 40. Rf2
Rxb3 41. Ref4 f6 42. g5 f5 43. h4 Rc3 44. h5 R3xc4 45. h6 Rxf4 46. Rxf4 Rc5 47.
Rh4 Kg8 48. h7+ Kh8 49. Rh6 Rxd5 50. Rxg6 Kxh7 0-1

[Event "Open Semana Santa 2023"]
[Site "?"]
[Date "2023.04.06"]
[Round "3.49"]
[White "IM Pijpers, Arthur"]
[Black "Bas Mas, Miguel"]
[Result "1-0"]
[WhiteElo "2474"]
[BlackElo "2107"]
[PlyCount "87"]

1. e4 c5 2. Nf3 d6 3. d4 cxd4 4. Nxd4 Nf6 5. Nc3 g6 6. Be3 Bg7 7. f3 Nc6 8. Qd2
O-O 9. O-O-O Bd7 10. g4 Rc8 11. Kb1 Ne5 12. Be2 a6 13. h4 b5 14. h5 Nc4 15.
Bxc4 Rxc4 16. hxg6 fxg6 17. e5 dxe5 18. Ne6 Bxe6 19. Qxd8 Rxd8 20. Rxd8+ Kf7
21. g5 Nh5 22. Ne4 Bf5 23. b3 Rc6 24. Rb8 Bf8 25. Rh2 Re6 26. Kb2 Kg7 27. Rd2
Kf7 28. Rb6 Nf4 29. c4 Rxb6 30. Bxb6 bxc4 31. bxc4 h5 32. gxh6 Bxh6 33. Rh2 Kg7
34. Kc3 Ne6 35. Ng3 Bf4 36. Nxf5+ gxf5 37. Re2 Kf6 38. Bf2 Kf7 39. c5 Nc7 40.
Kc4 Ke6 41. Be3 Bg3 42. Rd2 Be1 43. Rd1 Bh4 44. c6 1-0

[Event "Open Semana Santa 2023"]
[Site "?"]
[Date "2023.04.06"]
[Round "3.50"]
[White "Galstyan, David"]
[Black "GM Stella, Andrea"]
[Result "0-1"]
[WhiteElo "2119"]
[BlackElo "2447"]
[PlyCount "42"]

1. e4 c5 2. Nc3 d6 3. d4 cxd4 4. Qxd4 Nc6 5. Qd2 g6 6. b3 Bh6 7. f4 Nf6 8. Bb2
e5 9. g3 exf4 10. gxf4 O-O 11. O-O-O Nh5 12. Nge2 Qh4 13. Nd5 Be6 14. Kb1 Bxd5
15. exd5 Ne5 16. Qb4 Ng4 17. f5 a5 18. Qxd6 Rfd8 19. Qc7 Rac8 20. Qxa5 Ne3 21.
Qe1 Qe4 0-1

[Event "Open Semana Santa 2023"]
[Site "?"]
[Date "2023.04.06"]
[Round "3.51"]
[White "GM Ubilava, Elizbar"]
[Black "FM Lacrosse, Marc"]
[Result "1-0"]
[WhiteElo "2435"]
[BlackElo "2081"]
[PlyCount "97"]

1. d4 d5 2. c4 e6 3. Nf3 Nf6 4. Nc3 Nbd7 5. cxd5 exd5 6. Bf4 c6 7. e3 Nh5 8.
Bd3 Nxf4 9. exf4 Be7 10. O-O O-O 11. Re1 Re8 12. Qc2 Nf8 13. g3 Qd6 14. Re3 Bd7
15. Rae1 Bf6 16. Ne5 g6 17. f5 Bg7 18. a3 Bxf5 19. Bxf5 gxf5 20. Qxf5 Re7 21.
Nf3 Rae8 22. Rxe7 Rxe7 23. Rxe7 Qxe7 24. Qc8 Qd7 25. Qb8 b6 26. Ne5 Bxe5 27.
Qxe5 Qe6 28. Qg5+ Qg6 29. Qf4 Kg7 30. Qc7 Qe6 31. Qxa7 c5 32. Qa4 Qe1+ 33. Kg2
Ne6 34. dxc5 d4 35. Qd1 Qxd1 36. Nxd1 Nxc5 37. Kf3 f5 38. Ke2 Kf6 39. f3 Ke7
40. b4 Ne6 41. a4 Kd6 42. Nb2 Kd5 43. Kd3 Ng5 44. Nc4 Nxf3 45. Nxb6+ Kc6 46.
Nc4 Nxh2 47. Kxd4 Nf3+ 48. Ke3 Ne1 49. Ne5+ 1-0

[Event "Open Semana Santa 2023"]
[Site "?"]
[Date "2023.04.06"]
[Round "3.52"]
[White "Navarro Martinez, Victor"]
[Black "IM Minzer, Claudio Javier"]
[Result "0-1"]
[WhiteElo "2051"]
[BlackElo "2417"]
[PlyCount "94"]

1. e4 e6 2. d4 d5 3. Nd2 a6 4. Ngf3 c5 5. exd5 exd5 6. dxc5 Bxc5 7. Nb3 Bb6 8.
Be2 Nf6 9. Bg5 Bxf2+ 10. Kxf2 Ne4+ 11. Kf1 Nxg5 12. Qd3 Be6 13. Rd1 Qf6 14. Qe3
Nxf3 15. Qxf3 Nd7 16. Rd4 O-O 17. c3 Qxf3+ 18. Bxf3 Nf6 19. Rb4 b5 20. Kf2 Rac8
21. Rd1 Rc4 22. a3 h6 23. Nd4 Rb8 24. Re1 Rb6 25. Be2 Rxb4 26. axb4 Ne4+ 27.
Ke3 Nd6 28. Kd3 Nc4 29. b3 Ne5+ 30. Kd2 Nd7 31. Bf3 Kf8 32. Kd3 Rd6 33. Re2 g6
34. g3 h5 35. Bg2 Kg7 36. Re1 Nf6 37. Re2 Kf8 38. Re1 Ng4 39. Nf3 Bf5+ 40. Kd4
Be4 41. Kc5 Rf6 42. Nh4 Nf2 43. Kd4 g5 44. Bxe4 dxe4 45. Ng2 Rd6+ 46. Ke5 Rd2
47. Rg1 Nh3 0-1

[Event "Open Semana Santa 2023"]
[Site "?"]
[Date "2023.04.06"]
[Round "3.53"]
[White "IM Ladron De Guevara Pinto, Paolo"]
[Black "Exposito Milan, Adrian"]
[Result "1-0"]
[WhiteElo "2403"]
[BlackElo "2053"]
[PlyCount "85"]

1. d4 d5 2. c4 e6 3. Nc3 Nf6 4. Nf3 c6 5. e3 Nbd7 6. Qc2 Bd6 7. b3 O-O 8. Be2
Re8 9. O-O e5 10. dxe5 Nxe5 11. cxd5 cxd5 12. Nb5 Bb8 13. Bb2 Bg4 14. Nxe5 Bxe5
15. Bxe5 Rxe5 16. Bxg4 Nxg4 17. h3 Nf6 18. Rac1 a6 19. Nd4 Qd7 20. Qc7 Re7 21.
Qxd7 Rxd7 22. Rc2 g6 23. Rfc1 Kg7 24. Kf1 Ne4 25. Ke2 Ng5 26. Kd3 Ne6 27. Nxe6+
fxe6 28. Rc7 Rad8 29. Kd4 Kf6 30. f4 h6 31. Rxd7 Rxd7 32. Rc8 Rf7 33. a4 Rg7
34. Rf8+ Ke7 35. Rh8 Kf6 36. Rxh6 Rc7 37. Rh8 Kg7 38. Rb8 Kf6 39. g4 Rf7 40.
g5+ Kg7 41. Ke5 Re7 42. Kd6 Kf7 43. Rh8 1-0

[Event "Open Semana Santa 2023"]
[Site "?"]
[Date "2023.04.06"]
[Round "3.54"]
[White "Donate Moreno, Silvia"]
[Black "IM Martin Duque, Jesus"]
[Result "0-1"]
[WhiteElo "2077"]
[BlackElo "2386"]
[PlyCount "66"]

1. e4 c6 2. d4 d5 3. Nd2 dxe4 4. Nxe4 Nf6 5. Nxf6+ exf6 6. c3 Bd6 7. Bd3 O-O 8.
Qc2 Re8+ 9. Ne2 h5 10. Be3 Nd7 11. O-O Nf8 12. Rfe1 h4 13. h3 Bc7 14. Kf1 Be6
15. Nf4 Qd7 16. Nxe6 Nxe6 17. Qd1 Qd6 18. Qg4 Qh2 19. Be4 Nf4 20. Bxf4 Bxf4 21.
Qf3 f5 22. g3 fxe4 23. Qxf4 e3 24. Qf3 exf2 25. Qxf2 Qxh3+ 26. Qg2 Qf5+ 27. Qf2
Qd3+ 28. Kg2 hxg3 29. Qxg3 Re2+ 30. Rxe2 Qxe2+ 31. Qf2 Re8 32. Rf1 Qg4+ 33. Kh1
Qh5+ 0-1

[Event "Open Semana Santa 2023"]
[Site "?"]
[Date "2023.04.06"]
[Round "3.55"]
[White "IM Garrido Outon, Alex"]
[Black "Robledo Sanchez, Carlos"]
[Result "1-0"]
[WhiteElo "2379"]
[BlackElo "2077"]
[PlyCount "65"]

1. e4 c5 2. Nf3 d6 3. d4 cxd4 4. Nxd4 Nf6 5. Nc3 Nc6 6. Bg5 e6 7. Qd2 a6 8.
O-O-O Bd7 9. Kb1 Be7 10. f3 Rc8 11. Nxc6 Bxc6 12. h4 h6 13. Be3 h5 14. Qf2 Qc7
15. Qg3 O-O 16. Bd3 b5 17. Ne2 e5 18. Bh6 Ne8 19. Nc3 Kh8 20. Bg5 Nf6 21. Qf2
b4 22. Ne2 d5 23. exd5 Bxd5 24. Ng3 g6 25. Qd2 Rfd8 26. Bxf6+ Bxf6 27. Nxh5 Bg7
28. Nxg7 Kxg7 29. h5 Rh8 30. hxg6 fxg6 31. Qxb4 Bf7 32. Rxh8 Rxh8 33. Be4 1-0

[Event "Open Semana Santa 2023"]
[Site "?"]
[Date "2023.04.06"]
[Round "3.56"]
[White "Martinez Ramos, Paula"]
[Black "GM Plaskett, H James"]
[Result "0-1"]
[WhiteElo "2042"]
[BlackElo "2371"]
[PlyCount "60"]

1. Nf3 c5 2. c4 Nf6 3. g3 b6 4. Bg2 Bb7 5. O-O g6 6. d4 Bg7 7. Nc3 Ne4 8. Nxe4
Bxe4 9. d5 O-O 10. Ne1 Bxg2 11. Kxg2 d6 12. Nd3 b5 13. cxb5 Qb6 14. Qb3 Rc8 15.
Qc4 Nd7 16. e4 a6 17. bxa6 Qxa6 18. Qxa6 Rxa6 19. Bd2 Ra4 20. Bc3 Bxc3 21. bxc3
Rxe4 22. Rfd1 Ra8 23. Kf3 Rc4 24. Rdc1 Ra3 25. Ke2 Nb6 26. Kd2 Nxd5 27. Nb2
Rcxc3 28. Rxc3 Nxc3 29. Re1 Nd5 30. Ra1 Nb4 0-1

[Event "Open Semana Santa 2023"]
[Site "?"]
[Date "2023.04.06"]
[Round "3.57"]
[White "IM Quintin Navarro, Alberto"]
[Black "FM Van Hoolandt, Patrick"]
[Result "1-0"]
[WhiteElo "2370"]
[BlackElo "2046"]
[PlyCount "53"]

1. Nf3 d5 2. c4 e6 3. d4 Nf6 4. g3 Bb4+ 5. Bd2 a5 6. Bg2 dxc4 7. O-O O-O 8. Qc2
Nc6 9. Qxc4 Qd5 10. Qxd5 exd5 11. Bf4 Bg4 12. a3 Be7 13. Bxc7 Bxf3 14. exf3
Nxd4 15. Nc3 Ne6 16. Be5 d4 17. Nb5 Rad8 18. Nc7 Nxc7 19. Bxc7 Rd5 20. f4 Rb5
21. Rab1 Nd7 22. Rfe1 Bc5 23. Bf1 Rb6 24. Bxb6 Nxb6 25. b4 axb4 26. axb4 Bd6
27. Red1 1-0

[Event "Open Semana Santa 2023"]
[Site "?"]
[Date "2023.04.06"]
[Round "3.58"]
[White "Roig Squire, Jason"]
[Black "IM Chueca Forcen, Alberto"]
[Result "1/2-1/2"]
[WhiteElo "2017"]
[BlackElo "2359"]
[Annotator "Usuario"]
[PlyCount "96"]
[EventDate "2023.??.??"]

1. e4 c5 2. Nf3 Nc6 3. Bb5 g6 4. O-O Bg7 5. Bxc6 dxc6 6. d3 Nf6 7. Nbd2 O-O 8.
Rb1 Re8 9. Qe1 Nd7 10. Nc4 Nf8 11. b4 cxb4 12. Qxb4 b6 13. Bb2 c5 14. Qa3 Bxb2
15. Rxb2 Bb7 16. Re1 Ne6 17. Qc3 Nd4 18. Nxd4 Qxd4 19. Qa3 e5 20. Ne3 Bc6 21.
Rbb1 Re7 22. Qa6 Kg7 23. Qc4 b5 24. Qb3 Rd7 25. Qb2 a5 26. a4 Qxb2 27. Rxb2 b4
28. Nc4 Re7 29. Ra1 f6 30. f3 Ra6 31. Kf2 Kf7 32. h4 Ke6 33. Rb3 f5 34. exf5+
gxf5 35. Rbb1 Bd5 36. Nd2 Rc7 37. Re1 Kf6 38. g4 Re6 39. gxf5 Kxf5 40. Rg1 Rg6
41. Rxg6 hxg6 42. Rg1 Rh7 43. Rg5+ Kf6 44. Rg4 Bc6 45. Ne4+ Bxe4 46. Rxe4 $11
Ke6 47. Rc4 Kd5 48. Rg4 Rh8 1/2-1/2

[Event "Open Semana Santa 2023"]
[Site "?"]
[Date "2023.04.06"]
[Round "3.59"]
[White "Martinez Soriano, Javier"]
[Black "FM Carbonell Sancho, Marc"]
[Result "1-0"]
[WhiteElo "2006"]
[BlackElo "2346"]
[PlyCount "89"]

1. e4 c5 2. Nf3 g6 3. c4 Bg7 4. d4 Qa5+ 5. Nc3 Nc6 6. d5 Nd4 7. Bd2 Nxf3+ 8.
Qxf3 d6 9. Bd3 Nf6 10. Qe2 O-O 11. O-O a6 12. h3 e6 13. f4 exd5 14. e5 Nh5 15.
Nxd5 Qd8 16. Rf3 dxe5 17. fxe5 Re8 18. Bc3 b5 19. b3 Bb7 20. g4 Bxd5 21. cxd5
Nf6 22. d6 Nd7 23. Re3 Qg5 24. Re1 Rad8 25. a4 c4 26. bxc4 b4 27. Bb2 Nc5 28.
a5 Bh6 29. Bd4 Ne6 30. Bb6 Rd7 31. Bc2 Qh4 32. Ba4 Bxe3+ 33. Qxe3 Nf4 34. Bxd7
Rxe5 35. Qxf4 Qxe1+ 36. Kg2 Re4 37. Qf3 b3 38. Bc6 Rxc4 39. Bd5 Qd2+ 40. Kh1
Rf4 41. d7 b2 42. d8=Q+ Kg7 43. Be4 Qxd8 44. Qc3+ f6 45. Bxd8 1-0

[Event "Open Semana Santa 2023"]
[Site "?"]
[Date "2023.04.06"]
[Round "3.60"]
[White "Garcia-Ruiz Fuentes, Angel M."]
[Black "FM Habans Aguerrea, Javier"]
[Result "0-1"]
[WhiteElo "1993"]
[BlackElo "2343"]
[PlyCount "72"]

1. f4 d5 2. Nf3 Nf6 3. e3 g6 4. Be2 Bg7 5. O-O c5 6. d3 O-O 7. Nc3 d4 8. Ne4
Nd5 9. Nxc5 Nxe3 10. Bxe3 dxe3 11. d4 Qb6 12. Nb3 a5 13. a4 Be6 14. Ra3 Nc6 15.
c3 Rfd8 16. Bb5 Na7 17. Bd3 Bd5 18. Re1 Bf8 19. c4 Bxf3 20. Qxf3 e5 21. c5 Qb4
22. Rxe3 exd4 23. Re4 Bxc5 24. f5 Bf8 25. fxg6 hxg6 26. h4 Rd5 27. Ra1 Rad8 28.
Rg4 Nc6 29. Bxg6 fxg6 30. Rxg6+ Bg7 31. h5 Ne5 32. Rxg7+ Kxg7 33. h6+ Kxh6 34.
Qf4+ Kg7 35. Rf1 Qe7 36. Qg3+ Ng6 0-1

[Event "Open Semana Santa 2023"]
[Site "?"]
[Date "2023.04.06"]
[Round "3.61"]
[White "FM Guerrero Vargas, Andres Jesus"]
[Black "Blanco Sanchez, Jose Fernando"]
[Result "1-0"]
[WhiteElo "2328"]
[BlackElo "1971"]
[PlyCount "90"]

1. d4 Nf6 2. Bf4 d6 3. Nc3 d5 4. e3 c6 5. Bd3 g6 6. h3 Bf5 7. Bxf5 gxf5 8. g4
h5 9. gxf5 Qd7 10. Qd3 Na6 11. a3 e6 12. Nf3 exf5 13. Be5 Rh6 14. Nh4 Ne4 15.
Ne2 Be7 16. Ng2 Nc7 17. f3 Nd6 18. Bxd6 Bxd6 19. Nh4 Rf6 20. O-O-O O-O-O 21. f4
Ne8 22. Ng3 Ng7 23. Nf3 Re8 24. Ne5 Bxe5 25. dxe5 Rg6 26. Ne2 f6 27. Qd4 b6 28.
exf6 Ne6 29. Qc3 Nc5 30. Rhg1 Ne4 31. Qd4 Rxf6 32. Ng3 Rh6 33. Nxe4 Rxe4 34.
Rg8+ Kc7 35. Qd3 Kb7 36. Rdg1 Rhe6 37. Kb1 Re8 38. R1g7 R8e7 39. Rxe7 Rxe7 40.
Rg5 Qe6 41. Rxh5 Qxe3 42. Qxf5 Qg1+ 43. Ka2 Qd4 44. Rh7 Rxh7 45. Qxh7+ Ka6 1-0

[Event "Open Semana Santa 2023"]
[Site "?"]
[Date "2023.04.06"]
[Round "3.62"]
[White "IM Campos Gambuti, Luis Maria"]
[Black "Lozano Freras, Sergio"]
[Result "1/2-1/2"]
[WhiteElo "2311"]
[BlackElo "1960"]
[PlyCount "45"]

1. d4 d6 2. Nf3 Nf6 3. g3 g6 4. Bg2 Bg7 5. O-O O-O 6. b3 e5 7. dxe5 dxe5 8. Ba3
Qxd1 9. Rxd1 Re8 10. Nc3 c6 11. Ng5 Bf5 12. Nge4 Nxe4 13. Nxe4 Bxe4 14. Bxe4
Bf8 15. Bxf8 Kxf8 16. g4 Na6 17. Kg2 Rad8 18. Kf3 Nc5 19. c3 Nxe4 20. Kxe4 f6
21. h4 Kf7 22. Rd3 Rxd3 23. Kxd3 1/2-1/2

[Event "Open Semana Santa 2023"]
[Site "?"]
[Date "2023.04.06"]
[Round "3.63"]
[White "Hammari, Vinjar"]
[Black "FM Luque Saiz, Andres"]
[Result "1-0"]
[WhiteElo "1989"]
[BlackElo "2309"]
[Annotator "Usuario"]
[PlyCount "71"]

1. d4 e6 2. c4 Nf6 3. Nf3 b6 4. g3 Bb7 5. Bg2 c5 6. d5 exd5 7. Nh4 g6 8. cxd5
Bg7 9. Nc3 O-O 10. O-O d6 11. Nf3 Re8 12. Re1 Na6 13. e4 $11 b5 14. Nxb5 Nxe4
15. Bf4 Qb6 16. a4 Bf8 17. Nd2 Nxd2 18. Qxd2 Nb4 19. h4 Ba6 20. Bf1 Bb7 21. Bc4
Rxe1+ 22. Rxe1 Qd8 23. Nc3 f5 24. h5 Bc8 25. Bg5 Qd7 26. hxg6 hxg6 27. Ne2 Qf7
28. Nf4 Bd7 29. b3 Re8 30. Ne6 Be7 31. Bf4 Qf6 32. Kg2 Qf7 33. Nxc5 dxc5 34. d6
Bc6+ 35. Kg1 Bd5 36. Rxe7 1-0

[Event "Open Semana Santa 2023"]
[Site "?"]
[Date "2023.04.06"]
[Round "3.64"]
[White "Torres Rebolledo, Victor"]
[Black "FM Karthik Rajaa"]
[Result "1/2-1/2"]
[WhiteElo "1960"]
[BlackElo "2302"]
[Annotator "Usuario"]
[PlyCount "58"]

1. d4 Nf6 2. c4 g6 3. Nc3 Bg7 4. e4 d6 5. h3 O-O 6. Be3 e5 7. d5 Na6 8. Bd3 Nd7
9. g4 Ndc5 10. Bc2 f5 11. gxf5 gxf5 12. exf5 e4 13. Nxe4 Nxe4 14. Bxe4 Nc5 15.
Bc2 Qf6 16. Ne2 Bxf5 17. Bd4 Qh6 18. Bxg7 Qxg7 19. Rg1 Bg6 20. Bxg6 hxg6 21.
Qc2 Kh7 22. f4 Rae8 23. O-O-O Qf6 24. Kb1 Qf5 25. Rg2 Qxc2+ 26. Kxc2 $11 Re4
27. b3 a5 28. Rf1 a4 29. Rf3 axb3+ 1/2-1/2

[Event "Open Semana Santa 2023"]
[Site "?"]
[Date "2023.04.06"]
[Round "3.65"]
[White "FM Ibanez Aullana, Ramon"]
[Black "Molina Souponitskaia, Alexande"]
[Result "1-0"]
[WhiteElo "2292"]
[BlackElo "1959"]
[PlyCount "67"]

1. d4 Nf6 2. Nf3 e6 3. Bg5 d5 4. e3 h6 5. Bh4 g5 6. Bg3 Ne4 7. Nfd2 Nxg3 8.
hxg3 Bg7 9. c3 b6 10. f4 Bb7 11. a4 a5 12. Bd3 Ba6 13. Bc2 c5 14. Na3 Nc6 15.
Nb5 cxd4 16. exd4 Bxb5 17. axb5 Ne7 18. Qe2 Rc8 19. Bd3 Qd6 20. Qg4 f5 21. Qh5+
Kd7 22. O-O g4 23. Rfe1 Rhf8 24. Re3 Rc7 25. Rae1 Rf6 26. Kf2 Nc8 27. Rxe6 Qf8
28. R6e5 Nd6 29. Rxd5 a4 30. Nc4 Rxc4 31. Bxc4 Kc7 32. Bd3 Rf7 33. Re6 Rd7 34.
Qg6 1-0

[Event "Open Semana Santa 2023"]
[Site "?"]
[Date "2023.04.06"]
[Round "3.66"]
[White "Beneyto De Ramon, Guillermo"]
[Black "IM Garcia Martin, Marta"]
[Result "0-1"]
[WhiteElo "1953"]
[BlackElo "2291"]
[PlyCount "58"]

1. c4 e6 2. Nc3 d5 3. cxd5 exd5 4. g3 d4 5. Nb1 Nf6 6. Nf3 Nc6 7. d3 Bc5 8. Bg2
O-O 9. O-O Re8 10. Bg5 h6 11. Bxf6 Qxf6 12. Nbd2 Qe7 13. Re1 a5 14. Rc1 Be6 15.
Nc4 Ra6 16. Qb3 Bb4 17. Qc2 Bxe1 18. Rxe1 Bd5 19. e4 dxe3 20. Rxe3 Qd8 21. Nce5
Nxe5 22. Nxe5 Bxg2 23. Kxg2 Qd5+ 24. Nf3 Rxe3 25. fxe3 Rc6 26. Qb1 Qc5 27. Qe1
Qc2+ 28. Kh3 Qxd3 29. Qxa5 Qf1+ 0-1

[Event "Open Semana Santa 2023"]
[Site "?"]
[Date "2023.04.06"]
[Round "3.67"]
[White "IM Cruz, Filemon"]
[Black "Fuentes Guinot, Angel"]
[Result "1-0"]
[WhiteElo "2284"]
[BlackElo "1941"]
[PlyCount "93"]

1. c4 b6 2. b3 Bb7 3. Bb2 Nf6 4. e3 g6 5. Nf3 Bg7 6. Be2 O-O 7. O-O c5 8. d4
cxd4 9. Nxd4 d5 10. Na3 Nc6 11. Rc1 Rc8 12. cxd5 Nxd5 13. Nxc6 Rxc6 14. Bxg7
Rxc1 15. Qxc1 Kxg7 16. Bf3 Qa8 17. Qb2+ Kg8 18. Nc4 Rd8 19. Qe5 e6 20. h4 Qb8
21. Qb2 Ne7 22. Qf6 Nd5 23. Qb2 Ne7 24. Ne5 Bxf3 25. Nxf3 Qd6 26. h5 gxh5 27.
Rc1 Rc8 28. Rxc8+ Nxc8 29. Qf6 Qe7 30. Qh6 f6 31. Qxh5 Nd6 32. Nd4 e5 33. Qg4+
Kf7 34. Ne2 Ke8 35. Qg8+ Kd7 36. Nc3 Qf7 37. Qg4+ Kd8 38. Qf3 Kd7 39. Qa8 Ke6
40. e4 Qb7 41. Qg8+ Qf7 42. Qg4+ f5 43. Qh3 Qg6 44. Qd3 fxe4 45. Qd5+ Kf5 46.
Ne2 Qe6 47. Nd4+ 1-0